<?xml version="1.0" encoding="UTF-8"?>
<record
    xmlns:xsi="http://www.w3.org/2001/XMLSchema-instance"
    xsi:schemaLocation="http://www.loc.gov/MARC21/slim http://www.loc.gov/standards/marcxml/schema/MARC21slim.xsd"
    xmlns="http://www.loc.gov/MARC21/slim">

  <leader>05895nam a2200541Ii 4500</leader>
  <controlfield tag="001">DIGRBN0063</controlfield>
  <controlfield tag="003">NyNyDIG</controlfield>
  <controlfield tag="008">150526t20142014sp a    ob    100 0 spa d</controlfield>
  <controlfield tag="006">m     o  d        </controlfield>
  <controlfield tag="007">cr |||||||||||</controlfield>
  <datafield tag="035" ind1=" " ind2=" ">
    <subfield code="a">(OCoLC)896831559</subfield>
  </datafield>
  <datafield tag="040" ind1=" " ind2=" ">
    <subfield code="a">DGITA</subfield>
    <subfield code="b">eng</subfield>
    <subfield code="e">rda</subfield>
    <subfield code="e">pn</subfield>
    <subfield code="c">DGITA</subfield>
  </datafield>
  <datafield tag="020" ind1=" " ind2=" ">
    <subfield code="a">9788499406916</subfield>
    <subfield code="q">(eBook ;</subfield>
    <subfield code="q">epdf)</subfield>
  </datafield>
  <datafield tag="020" ind1=" " ind2=" ">
    <subfield code="a">8499406912</subfield>
    <subfield code="q">(eBook ;</subfield>
    <subfield code="q">epdf)</subfield>
  </datafield>
  <datafield tag="020" ind1=" " ind2=" ">
    <subfield code="z">9788499406909</subfield>
  </datafield>
  <datafield tag="020" ind1=" " ind2=" ">
    <subfield code="z">8499406904</subfield>
  </datafield>
  <datafield tag="020" ind1=" " ind2=" ">
    <subfield code="z">9788499406099</subfield>
  </datafield>
  <datafield tag="043" ind1=" " ind2=" ">
    <subfield code="a">e-po---</subfield>
    <subfield code="a">e-sp---</subfield>
  </datafield>
  <datafield tag="050" ind1="1" ind2="4">
    <subfield code="a">PN4751 eBook</subfield>
  </datafield>
  <datafield tag="245" ind1="0" ind2="3">
    <subfield code="a">El periodismo en las transiciones pol&#xED;ticas :</subfield>
    <subfield code="b">de la revoluci&#xF3;n portuguesa y la transici&#xF3;n espa&#xF1;ola a la primavera &#xE1;rabe /</subfield>
    <subfield code="c">Jaume Guillamet, Francesc Salgado (editores).</subfield>
  </datafield>
  <datafield tag="250" ind1=" " ind2=" ">
    <subfield code="a">Edici&#xF3;n digital.</subfield>
  </datafield>
  <datafield tag="264" ind1=" " ind2="1">
    <subfield code="a">Madrid :</subfield>
    <subfield code="b">Biblioteca Nueva,</subfield>
    <subfield code="c">[2014]</subfield>
  </datafield>
  <datafield tag="264" ind1=" " ind2="4">
    <subfield code="c">&#xA9;2014</subfield>
  </datafield>
  <datafield tag="300" ind1=" " ind2=" ">
    <subfield code="a">1 online resource (365 pages) :</subfield>
    <subfield code="b">illustrations.</subfield>
  </datafield>
  <datafield tag="336" ind1=" " ind2=" ">
    <subfield code="a">text</subfield>
    <subfield code="b">txt</subfield>
    <subfield code="2">rdacontent</subfield>
  </datafield>
  <datafield tag="337" ind1=" " ind2=" ">
    <subfield code="a">computer</subfield>
    <subfield code="b">c</subfield>
    <subfield code="2">rdamedia</subfield>
  </datafield>
  <datafield tag="338" ind1=" " ind2=" ">
    <subfield code="a">online resource</subfield>
    <subfield code="b">cr</subfield>
    <subfield code="2">rdacarrier</subfield>
  </datafield>
  <datafield tag="490" ind1="1" ind2=" ">
    <subfield code="a">Colecci&#xF3;n Historia Biblioteca Nueva</subfield>
  </datafield>
  <datafield tag="500" ind1=" " ind2=" ">
    <subfield code="a">A selection of papers presented at the 12th Congress of the Asociaci&#xF3;n de Historiadores de la Comunicaci&#xF3;n sobre "Transici&#xF3;n democr&#xE1;tica y comunicaci&#xF3;n internaciona" held at the Universitat Pompeu Fabra de Barcelona, on May 24-25, 2012.</subfield>
  </datafield>
  <datafield tag="504" ind1=" " ind2=" ">
    <subfield code="a">Includes bibliographical references.</subfield>
  </datafield>
  <datafield tag="505" ind1="0" ind2=" ">
    <subfield code="a">El periodismo en las transiciones pol&#xED;ticas / Jaume Guillamet y Francesc Salgado -- Elementos de censura en la prensa durante la transici&#xF3;n democr&#xE1;tica portuguesa : la lucha por le poder editorial en O seculo y Rep&#xFA;blica / Helena LIma -- Servicio p&#xFA;blico de radiosifusi&#xF3;n en Portugal : en busca de la estabilizaci&#xF3;n en un joven textos democr&#xE1;tico / Silvio Santos -- "Por fin en el buen camino" : el final del proceso revolucionario portugu&#xE9;s bajo la mirada de la prensa espa&#xF1;ola / Rita Luis -- Cultura pol&#xED;tica y humor period&#xED;stico : la Corona en las transiciones a la Rep&#xFA;blica (1930-31) y a la monarqu&#xED;a parlamentaria (1975-78) / Francesc A. Mart&#xED;nez Gallego, Josep LLu&#xED;s G&#xF3;mez Mompart y Enrique Border&#xED;a -- La transici&#xF3;n democr&#xE1;tica en las agencias de informaci&#xF3;n espa&#xF1;olas : el caso de Europa Press / Carlos Barrera y Jos&#xE9; Apezarena -- Periodistas y diplotm&#xE1;ticos en la transici&#xF3;n espa&#xF1;ola : ajustes e influencias de una nueva relaci&#xF3;n / Juan Manuel Fern&#xE1;ndez-Cuesta -- La transici&#xF3;n espa&#xF1;ola en la prensa europea y norteamrican : cuatro miradas : Francia, Italia, Reino Unido y EEUU (1975-78) / Jaume Guillamet, Marcel Mauri, Ruth Rodr&#xED;guez-Mart&#xED;nez, Francesc Salgado y Christopher Tulloch -- Entre la dictadura y la democracia /: la muerte de Franco y las primeras elecciones democr&#xE1;ticas de 1977 vistas desde Alemania / Tob&#xED;as Reckling -- Tres corresponsales de prensa extranjera en la transici&#xF3;n espa&#xF1;ola / William Chrislett, Anne-Maria Romero y Mimmo C&#xE0;ndito -- Prensa escrita en la transici&#xF3;n pol&#xED;tica espa&#xF1;ola / Pere Oriol Costa -- La prensa en la transici&#xF3;n democr&#xE1;tica : ni "motor del cambio" ni "parlamento de papel" / Pepe Reig Crua&#xF1;es -- La transici&#xF3;n espa&#xF1;ola desde la emigraci&#xF3;n : Tele-Revista, revista de actualidad de la televisi&#xF3;n p&#xFA;blica suiza para los emigrantes espa&#xF1;oles / Luis M. Calvo Salgado, Concha Langa y Mois&#xE9;s Prieto L&#xF3;pez -- Periodistas en transici&#xF3;n : expectativas sociolaborales y de g&#xE9;nero en los inicios de las emisiones de TVE en Andaluc&#xED;a / Mar&#xED;a Teresa Vera Baldanza, Juan Francisco Guti&#xE9;rrez Lozano, Ana Isabel Seisdedos Garc&#xED;a y Anselmo Ramos Ru&#xED;z -- La prensa diaria mallorquina en el proceso de transici&#xF3;n democr&#xE1;tica : el caso del Diario de Mallorca (1975-1977) / Joan Josep Matas Pastor -- Prensa, turismo y transici&#xF3;n democr&#xE1;tica en las Islas Baleares / Amau Company Matas, Sebasti&#xE0; Serra Busquets y Antoni Vives Reus -- El papel de los semanarios Teima y A Nosa Terra en la recuperaci&#xF3;n del periodismo de Galicia / Xos&#xE9; L&#xF3;pez Wang&#xFC;emert -- Los "pies" de Xaquin Mar&#xED;n : una visi&#xF3;n l&#xFA;cida e ir&#xF3;nica de la transici&#xF3;n / F&#xE9;lix Caballero Wang&#xFC;emert -- Corresponsales de prensa espa&#xF1;oles en las transiciones pol&#xED;ticas portuguesa, ruso-sovi&#xE9;tica y tunecisna / Xavier Roig, Ll&#xFA;cia Oliva, Cristina Mas -- Prensa econ&#xF3;mica y transciciones pol&#xED;ticas: de las experiencias latinas a los casos de Rusia, China y Sud&#xE1;frica / &#xC1;ngel Arrese Reca -- Del monopolio al oligopolioa medi&#xE1;tico : la transformaci&#xF3;n de la estructura de la telelvisi&#xF3;n en la transici&#xF3;n democr&#xE1;tica en Rusia / Frederic Guerrero-Sol&#xE9; -- La cultura de posmoderniad y la Primavera &#xC1;rabe / Farshad Zahedi -- La Primavera &#xC1;rabe y las redes sociales : apuntes sobre la relaci&#xF3;n entre los acontecimientos pol&#xED;ticos y los nuevos medios de comunicaci&#xF3;n / Ilaria di Bonito -- Blogueros en China y Cuba : un estado de la cuesti&#xF3;n : entre la represi&#xF3;n y la esperanza / Vicen&#xE7; Sanclemente.</subfield>
  </datafield>
  <datafield tag="588" ind1="0" ind2=" ">
    <subfield code="a">Online resource; title from PDF title page (Digitalia, viewed May 26, 2015)</subfield>
  </datafield>
  <datafield tag="650" ind1=" " ind2="0">
    <subfield code="a">Journalism</subfield>
    <subfield code="x">Political aspects</subfield>
    <subfield code="x">History</subfield>
    <subfield code="v">Congresses.</subfield>
  </datafield>
  <datafield tag="651" ind1=" " ind2="0">
    <subfield code="a">Portugal</subfield>
    <subfield code="x">History</subfield>
    <subfield code="y">Revolution, 1974</subfield>
    <subfield code="v">Congresses.</subfield>
  </datafield>
  <datafield tag="651" ind1=" " ind2="0">
    <subfield code="a">Spain</subfield>
    <subfield code="x">History</subfield>
    <subfield code="y">1975-</subfield>
    <subfield code="v">Congresses.</subfield>
  </datafield>
  <datafield tag="650" ind1=" " ind2="0">
    <subfield code="a">Arab Spring, 2010-</subfield>
    <subfield code="v">Congresses.</subfield>
  </datafield>
  <datafield tag="655" ind1=" " ind2="0">
    <subfield code="a">Electronic books.</subfield>
  </datafield>
  <datafield tag="700" ind1="1" ind2=" ">
    <subfield code="a">Guillamet, Jaume,</subfield>
    <subfield code="d">1950-</subfield>
    <subfield code="e">editor.</subfield>
  </datafield>
  <datafield tag="700" ind1="1" ind2=" ">
    <subfield code="a">Salgado, Francesc,</subfield>
    <subfield code="e">editor.</subfield>
  </datafield>
  <datafield tag="710" ind1="2" ind2=" ">
    <subfield code="a">Asociaci&#xF3;n de Historiadores de la Comunicaci&#xF3;n (Spain).</subfield>
    <subfield code="b">Encuentro</subfield>
    <subfield code="n">(12th :</subfield>
    <subfield code="d">2012 :</subfield>
    <subfield code="c">Barcelona, Spain)</subfield>
  </datafield>
  <datafield tag="776" ind1="0" ind2="8">
    <subfield code="i">Print version:</subfield>
    <subfield code="t">Periodismo en las transiciones pol&#xED;ticas.</subfield>
    <subfield code="d">Madrid : Biblioteca Nueva, &#xA9;2014</subfield>
    <subfield code="z">9788499406909</subfield>
    <subfield code="w">(OCoLC)874569704</subfield>
  </datafield>
  <datafield tag="791" ind1="2" ind2=" ">
    <subfield code="a">Digitalia (Firm),</subfield>
    <subfield code="e">distributor.</subfield>
  </datafield>
  <datafield tag="793" ind1="0" ind2=" ">
    <subfield code="g">Digitalia eBook Collection:</subfield>
    <subfield code="a">Biblioteca Nueva</subfield>
  </datafield>
  <datafield tag="830" ind1=" " ind2="0">
    <subfield code="a">Colecci&#xF3;n Historia Biblioteca Nueva.</subfield>
  </datafield>
  <datafield tag="856" ind1="4" ind2="0">
    <subfield code="3">Digitalia Hisp&#xE1;nica</subfield>
    <subfield code="u">https://www.digitaliapublishing.com/a/29867/</subfield>
  </datafield>
  <datafield tag="910" ind1=" " ind2=" ">
    <subfield code="a">Premium Collection: 2015</subfield>
  </datafield>
  <datafield tag="942" ind1=" " ind2=" ">
    <subfield code="c">RAA</subfield>
  </datafield>
  <datafield tag="952" ind1=" " ind2=" ">
    <subfield code="0">0</subfield>
    <subfield code="1">0</subfield>
    <subfield code="4">0</subfield>
    <subfield code="7">0</subfield>
    <subfield code="8">DEH</subfield>
    <subfield code="a">BD-UIN</subfield>
    <subfield code="b">BD-UIN</subfield>
    <subfield code="d">2025-04-25</subfield>
    <subfield code="l">0</subfield>
    <subfield code="r">2025-04-25</subfield>
    <subfield code="w">2025-04-25</subfield>
    <subfield code="y">RAA</subfield>
  </datafield>
  <datafield tag="999" ind1=" " ind2=" ">
    <subfield code="c">240057</subfield>
    <subfield code="d">240057</subfield>
  </datafield>
</record>
